History Quiz

Random History or Politics Quiz

The UK Referendum on EU Membership Quiz Stats

 Plays Quiz Updated Jun 25, 2016

Challenge
Share
Tweet
Embed
Score 0/30 Timer 12:00
5 Plays Today
% Correct
???
97%
???
88.8%
???
88.6%
???
86%
???
85.4%
???
84.4%
???
83.5%
???
83%
???
82.9%
???
81.9%
???
80.7%
???
79.7%
???
79.3%
???
77.9%
???
77.7%
% Correct
???
77.6%
???
76%
???
76%
???
75.8%
???
75.1%
???
73.5%
???
72%
???
71.7%
???
69.4%
???
64.5%
???
61.7%
???
61.2%
???
54.8%
???
47.9%
???
38.5%

You're not logged in!

Compare scores with friends on all Sporcle quizzes.
OR
Log In

You Might Also Like...

Show Comments

Extras

Top Quizzes Today


Score Distribution

Your Account Isn't Verified!

In order to create a playlist on Sporcle, you need to verify the email address you used during registration. Go to your Sporcle Settings to finish the process.

Report this User

Report this user for behavior that violates our Community Guidelines.

Details: